000 01456nam0a2200337 4500
001 RU\NLR\BIBL_A\022320667
005 20250627120936.0
010 _a978-5-00165-801-6
035 _a(NLR Aleph) 022320667
090 _a13324945
_c13324945
100 _a20240912d2024 |||y0rusy50 ca
101 1 _arus
_cita
102 _aRU
105 _af z 000yy
181 0 _ai3
_baxxe
182 0 _an
200 1 _aПриключения итальянца в России,
_eили 25 497 км в компании "Веспы"
_fСтефано Медведич
_gперевод с итальянского [рукописи] Евгении Подрезовой
203 _aТекст
_bвизуальный
_cнепосредственный
210 _aСанкт-Петербург
_cАлетейя
_d2024
215 _a220, [1] с., [4] вкл. л. цв. ил., портр.
_d22
225 1 _aИталия – Россия
300 _aНа обороте тит. с. авт.: Стефано Медведич, учитель
320 _aДругие кн. авт. на обороте тит. с.
333 _a16+
607 _aРоссийская Федерация
_xОписание и путешествия итальянские
_92403142
_3RU\NLR\AUTH\661432347
686 1 _aД890(2Р)023
700 1 _aМедведич
_bС.
_gСтефано
942 _cBOOK
980 _aNB